| 000 | 00504nam a2200193Ia 4500 | ||
|---|---|---|---|
| 005 | 20240823013717.0 | ||
| 008 | 240823s9999||||xx |||||||||||||| ||und|| | ||
| 020 | _a0-442-21155-4 | ||
| 041 | _aENGLISH | ||
| 082 | _A660.281 M8 | ||
| 100 | _a"Balchen,Jens G" | ||
| 245 | 0 | _aProcess Control : Structures and Applications | |
| 260 |
_c1988 _bVan Nostrand Rei |
||
| 500 | _aTRANSFERED | ||
| 650 |
_aProcess Control _bInstrumentation |
||
| 700 | _a" Mumme,Kenneth I" | ||
| 942 | _cBK | ||
| 999 |
_c168008 _d168008 |
||